Najlepsi polscy aktorzy według Filmwebu - Statystyki

Ogólne statystyki
  • Ten quiz został rozwiązany 281 razy
  • Średni wynik to 4 z 21
Statystyki odpowiedzi
Hint Odpowiedź % Poprawnych
1. Janusz Gajos
61%
20. Tomasz Kot
54%
6. Jerzy Stuhr
51%
16. Marek Kondrat
35%
11. Franciszek Pieczka
34%
4. Roman Wilhelmi
24%
7. Andrzej Seweryn
23%
21. Dawid Ogrodnik
16%
2. Tadeusz Łomnicki
14%
3. Zbigniew Cybulski
14%
12. Gustaw Holoubek
13%
9. Arkadiusz Jakubik
12%
10. Władysław Hańcza
10%
8. Wojciech Pszoniak
10%
18. Janusz Rewiński
8%
13. Marian Kociniak
8%
19. Wacław Kowalski
8%
14. Zbigniew Zapasiewicz
8%
15. Jerzy Bińczycki
6%
5. Bogumił Kobiela
5%
17. Czesław Wołłejko
0%
Nie znaleziono quizów pasujących do podanych kryteriów
Rozkład punktacji
Procent ludzi z każdym wynikiem
Percentyl według liczby udzielonych odpowiedzi
Twoja historia wyników
Nie rozwiązałeś tego quizu